Programa de elementos de hacienda pública : curso de 1914-1915 / José Ma. Boix curso de 1914-1915 / José Ma. Boix
Descripción Física:
15 p. ; 21 cm
Otros Autores:
Universitat de Barcelona. Facultat de Dret
Materias:
Finances públiques
MARC
| LEADER | 00000nam a2200000Ia 4500 | ||
|---|---|---|---|
| 001 | 18626 | ||
| 008 | 160829s1914 xx 000 0 cat d | ||
| 080 | |a RF-3-44 | ||
| 100 | |a Boix i Raspall, Josep M. |9 38380 | ||
| 245 | |a Programa de elementos de hacienda pública : |b curso de 1914-1915 / José Ma. Boix | ||
| 260 | |a Barcelona : |b Universidad de Barcelona. Facultad de Derecho y Ciencias Sociales, |c 1914 | ||
| 300 | |a 15 p. ; |c 21 cm | ||
| 590 | |a Prové de 3266 | ||
| 650 | 0 | |a Finances públiques |9 24447 | |
| 700 | |a Universitat de Barcelona. Facultat de Dret |9 47344 | ||
| 856 | 4 | |u https://media.diba.cat/diba/fitxers/arxiu/fulletons/bib_18626_1914_baixa.pdf |y Accés lliure | |
| 856 | 4 | |u https://media.diba.cat/diba/fitxers/arxiu/fulletons/bib_18626_1914_baixa.pdf |y Accés lliure | |
| 901 | |a Arxiu | ||
| 942 | |n 1 |2 udc | ||
| 952 | |0 0 |1 0 |4 0 |6 RF344 |7 1 |9 53824 |a Arxiu |b Arxiu |d 2016-12-01 |l 0 |o RF-3-44 |p 18626 |r 2016-12-01 00:00:00 |w 2016-12-01 |y ARXIU | ||
| 999 | |c 57690 |d 57690 | ||
| 900 | |a bib_18626_1914_baixa.pdf | ||